000 00860nam a2200229Ii 4500
003 JO-AjNU
008 230605s9999||||xx |||||||||||||| ||und||
017 _a2021/4460
020 _a978-9922-615-75-2
040 _aJO-AjNU
_bara
_erda
_cJO-AjNU
041 _aara
050 1 4 _aLB1590.3 2022
100 3 _aالشيخ، غادة شريف عبد الحمزة، م.مشارك مجد ممتاز البراك، م.مشارك حسام حليم عبيس,
_eauthor
_963905
245 0 0 _aالتفكير الايجابي نحو افضل لدى المدرس والطالب
250 _aط1
264 3 1 _aالعراق: مؤسسة دار الصادق الثقافية، 2022
300 _a139ص
336 _atext
_btxt
_2rdacontent
337 _aunmediated
_bn
_2rdamedia
338 _avolume
_bnc
_2rdacarrier
650 4 _aالتفكير الايجابي
_963906
999 _aA29011
_c32579
_d32579